Figurální tance z Valašskokloboucka. Část 1 /

Hlavní autor: Jelínková, Zdenka, 1920-2005
Jazyk: Čeština
Vydáno: Gottwaldov : Okresní kulturní středisko, 1977
Témata:
Fyzický popis: 22 s.
Knihy
Uloženo v:
LEADER 00688nam a22001932a 4500
001 000160300
003 CZ BrMZK
005 20030814075029.0
008 010907s1977 xr f cze d
015 |a cnb002380388 
040 |a BOA001  |b cze 
100 1 |a Jelínková, Zdenka,  |d 1920-2005  |7 ola200205253 
245 1 0 |a Figurální tance z Valašskokloboucka.  |n Část 1 /  |c sebrala a popsala Zdenka Jelínková. 
260 |a Gottwaldov :  |b Okresní kulturní středisko,  |c 1977 
300 |a 22 s. 
910 |a BOA001  |b PK-N-0027.171,1 
964 |a Tance lidové moravské - popisy 
990 |a BK 
996 7 |b 3119950174  |c PK-N-0027.171/1  |l MZK  |r Sklad / do 1 hodiny  |n 24  |w 000160300  |u 000010  |a 1  |e BOA001  |j MZK50  |s A